000 005030000a22001930004500
003 LK-CoMWRAF
005 20230902223914.0
008 230817t2004 ||||| |||| 00| 0 eng d
020 _a8178983877
040 _aLK-CoMWRAF
_dLK-CoMWRAF
_eLK-CoMWRAF
041 _aeng
082 _a823
_bKHA
100 _aKhan, Saniyasnain
245 _aThe Miraculous baby :
_bQuran stories for little hearts
260 _aNew Delhi :
_bGoodword books
_c2004
300 _a23p
650 _aChild stories
942 _cBK
999 _c926
_d926